000 00862nas a2200301 4500
001 BR2013009970
003 BR-BrBNA
005 20231205123344.0
007 ta
008 230509b bl.|||p| |||| 00| 00por d
040 _aBR-BrBNA
_bpor
_cBiblioteca Nacional de Agricultura
041 _a(En)
072 _aE12
100 1 _aCezar-Vaz, M.R.
100 1 _aBonow, C.A.
100 1 _aBorges, A.M.
100 1 _aAlmeida, M.C.V. de
100 1 _aRocha, L.P.
100 1 _aSevero, L. de O.
245 1 _aDermatological alterations in women working on dairy farm: a case study
650 _aBOVINO
650 _aTRABALHADOR RURAL
650 _aSAÚDE
650 _aORDENHA
773 0 _tCiência Rural (Brazil)
_xISSN 0103-8478
_g(Sep 2013), v. 43(9) p. 1623-1628
_wBR2013009970
909 _a202311
_bLúcia
_c55
_dLúcia Elande
942 _2AGRIS
_n0
_cANA
999 _c233491
_d233491